Modern power station practice. (Record no. 163023)

MARC details
000 -LEADER
fixed length control field 00868cam a2200241 4500
008 - FIXED-LENGTH DATA ELEMENTS--GENERAL INFORMATION
fixed length control field
020 ## - INTERNATIONAL STANDARD BOOK NUMBER
International Standard Book Number 0080164366 (hbk.)
049 ## - LOCAL HOLDINGS (OCLC)
Holding library MAIN
090 ## - LOCALLY ASSIGNED LC-TYPE CALL NUMBER (OCLC); LOCAL CALL NUMBER (RLIN)
Classification number (OCLC) (R) ; Classification number, CALL (RLIN) (NR) TK1191 CEN
003 - CONTROL NUMBER IDENTIFIER
control field
005 - DATE AND TIME OF LATEST TRANSACTION
control field 20230123134254.0
040 ## - CATALOGING SOURCE
Transcribing agency NUST
110 2# - MAIN ENTRY--CORPORATE NAME
Corporate name or jurisdiction name as entry element Central Electricity Generating Board.
245 10 - TITLE STATEMENT
Title Modern power station practice.
250 ## - EDITION STATEMENT
Edition statement 2d rev. and enl. ed.
260 ## - PUBLICATION, DISTRIBUTION, ETC.
Place of publication, distribution, etc. Oxford,
-- New York,
Name of publisher, distributor, etc. Pergamon Press
Date of publication, distribution, etc. [1971-
300 ## - PHYSICAL DESCRIPTION
Extent v.
Other physical details illus., maps.
Dimensions 26 cm.
504 ## - BIBLIOGRAPHY, ETC. NOTE
Bibliography, etc. note Includes bibliographies.
505 1# - FORMATTED CONTENTS NOTE
Formatted contents note v. 1. Planning and layout. --v. 4. Electrical (Generator and electrical plant).--v. 5. Chemistry and metallurgy.--v. 6. Instrumentation, controls and testing.--v. 8. Nuclear power generation.
650 #0 - SUBJECT ADDED ENTRY--TOPICAL TERM
Topical term or geographic name entry element Electric power-plants.
907 ## - LOCAL DATA ELEMENT G, LDG (RLIN)
a .b10216534
b 09-10-06
c 06-10-06
942 ## - ADDED ENTRY ELEMENTS (KOHA)
Koha item type Ordinary Loan Books
Call number prefix TK1191 CEN
Holdings
Date last seen Total Checkouts Full call number Barcode Cost, replacement price Price effective from Koha item type Lost status Source of classification or shelving scheme Damaged status Not for loan Collection Withdrawn status Home library Current library Shelving location Date acquired Cost, normal purchase price
01/23/2023   TK1191 CEN 92003030426 80.00 01/23/2023 BOOKS   LCC     NFIC   MAIN MAIN GEN 01/23/2023 80.00